000 00756nam a2200229 a 4500
001 1089
003 BR-CuiBMT
005 20231128173720.0
008 231128s2013 spba 000 0 por d
020 _a9788522479627
040 _aBR-CuiBMT
_cBR-CuiBMT
080 _22007
_a658.5
090 _a658.5
_bG633e
100 1 _aGomes, José Maria
245 1 0 _aElaboração e análise de viabilidade econômica de projetos :
_btópicos práticos de finanças para gestores não financeiros :
_cJosé Maria Gomes.
260 _aSão Paulo :
_bAtlas,
_c2013.
300 _a176 p. :
_bil. ;
_c21 cm
504 _aInclui bibliografia.
650 _aAdministração de projetos
650 _aAdministração financeira
_xElaboração de projetos
942 _2udc
_cLV
999 _c1089
_d1089